[Event "Altinopolis op 2nd"]
[Site "Altinopolis"]
[Date "2013.??.??"]
[Round "6"]
[White "Vicente, Cristiano Siqueira"]
[Black "Ferrreira, Lincon Oliveira"]
[Result "1/2-1/2"]
[WhiteElo "1500"]
[BlackElo "1802"]
[PlyCount "62"]
[EventDate "2013.03.22"]
[EventType "swiss"]
[EventRounds "6"]
[EventCountry "BRA"]
[SourceTitle "CBM 153 Extra"]
[Source "ChessBase"]
[SourceDate "2013.04.22"]
[SourceVersion "1"]
[SourceVersionDate "2013.04.22"]
[SourceQuality "1"]

1. e4 c6 2. d4 d5 3. exd5 cxd5 4. c4 Nf6 5. Nc3 e6 6. Nf3 Be7 7. Bd3 dxc4 8. Bxc4 0-0 9. 0-0 a6 10. Re1 b5 11. Bb3 Bb7 12. a3 h6 13. Bc2 Nbd7 14. Qd3 Bxf3 15. Qxf3 Bd6 16. Ne4 Nxe4 17. Bxe4 Rb8 18. Bc2 Qc7 19. Qd3 Nf6 20. h3 Rbc8 21. Re2 Bf4 22. Be3 Rfd8 23. Rae1 Bxe3 24. fxe3 Qc4 25. Qd1 Rc7 26. Bb3 Qc6 27. Rc2 Qd7 28. Rd2 Rdc8 29. Qf3 Rc1 30. Rdd1 Rxd1 31. Rxd1 Rc6 1/2-1/2